Statistics for 2010s Celebrities by Picture #1

Click here to take the quiz!

General Stats

  • This quiz has been taken 38,030 times
    (22,284 since last reset)
  • The average score is 14 of 20

Answer Stats

Answer % Correct
Justin Bieber
97%
Dwayne Johnson
95%
Michelle Obama
93%
Katy Perry
93%
Lady Gaga
87%
Jennifer Lawrence
84%
Benedict Cumberbatch
80%
Ryan Gosling
77%
Chris Hemsworth
77%
Scarlett Johansson
77%
Chris Pratt
76%
Emma Stone
72%
Michael Phelps
69%
Jimmy Kimmel
63%
Bradley Cooper
63%
Anna Kendrick
61%
Zendaya
53%
Amy Adams
52%
Michael Fassbender
36%
Aziz Ansari
35%

Score Distribution

Percentile by Number Answered

Percent of People with Each Score

Your Score History

You have not taken this quiz since the last reset